000 00658nam a2200277Ia 4500
005 20260324150447.0
008 008 260324s9999 xx 000 0 eng d
020 _a9781003254850
037 _aEBOOK
040 _aCRL
040 _beng
040 _cCRL
041 _2eng
041 _aeng
084 _qCRL
100 _aKenneth Cragg; Muhammad 'Abduh; Isḥāq Musa'ad
_91226493
245 4 _aThe Theology of Unity
260 _bTaylor and Francis
260 _c1966
365 _a
365 _b150
856 _uhttp://www.taylorfrancis.com/books/9781003254850
942 _cEBOOK
999 _c1835975
_d1835975